[Event "Campeonato Femenino 2015"]
[Site "Sochi RUS"]
[Date "2015.03.17"]
[Round "1.1"]
[White "Koneru, Humpy"]
[Black "Moaataz, Ayah"]
[Result "1-0"]
[WhiteElo "2581"]
[BlackElo "2022"]
[PlyCount "61"]
[EventDate "2015.03.16"]
[EventType "k.o."]
[EventRounds "6"]
[EventCountry "RUS"]
[Source "lmi"]
[SourceDate "2015.03.16"]

1. d4 d5 2. c4 Nf6 3. cxd5 Qxd5 4. Nc3 Qa5 5. Bd2 c6 6. e4 Qc7 7. Qc2 e6 8. Bd3
Nbd7 9. e5 Nd5 10. Nxd5 exd5 11. Bxh7 Nb6 12. Bd3 c5 13. Ne2 c4 14. Bf5 Bxf5
15. Qxf5 Qd7 16. Qxd7+ Kxd7 17. f4 Nc8 18. a4 Ne7 19. O-O f5 20. b3 Rc8 21.
Rab1 b6 22. Rfc1 Rh6 23. bxc4 Rxc4 24. Rxc4 dxc4 25. Bb4 Rc6 26. d5 Nxd5 27.
Bxf8 c3 28. Rd1 Ke8 29. Ba3 Ne3 30. Rd3 Nc2 31. Bd6 1-0

[Event "Campeonato Femenino 2015"]
[Site "Sochi RUS"]
[Date "2015.03.17"]
[Round "1.2"]
[White "Wafa, Shrook"]
[Black "Ju, Wenjun"]
[Result "0-1"]
[WhiteElo "2058"]
[BlackElo "2557"]
[PlyCount "76"]
[EventDate "2015.03.16"]
[EventType "k.o."]
[EventRounds "6"]
[EventCountry "RUS"]
[Source "lmi"]
[SourceDate "2015.03.16"]

1. e4 c5 2. Nc3 Nc6 3. f4 e6 4. Nf3 d5 5. e5 Nh6 6. Be2 Be7 7. O-O O-O 8. Qe1
a6 9. a4 b6 10. Qg3 Bb7 11. d3 Nb4 12. Bd1 d4 13. Ne4 c4 14. Ne1 Nf5 15. Qh3
Nd5 16. Bf3 cxd3 17. cxd3 Rc8 18. Rf2 Qd7 19. Bg4 Nfe3 20. f5 Nxg4 21. Qxg4
exf5 22. Qxf5 Qxf5 23. Rxf5 Rfe8 24. Rf2 Nb4 25. Re2 Bf8 26. Bf4 a5 27. h4 Ba6
28. Rd1 Nd5 29. g3 f6 30. Nf3 fxe5 31. Nxe5 Ne3 32. Bxe3 dxe3 33. Nd7 Rxe4 34.
Nxf8 Rxf8 35. dxe4 Bxe2 36. Re1 Rf2 37. b3 Kf7 38. Rc1 Bf3 0-1

[Event "Campeonato Femenino 2015"]
[Site "Sochi RUS"]
[Date "2015.03.17"]
[Round "1.3"]
[White "Muzychuk, Anna"]
[Black "Mezioud, Amina"]
[Result "1-0"]
[WhiteElo "2552"]
[BlackElo "2066"]
[PlyCount "45"]
[EventDate "2015.03.16"]
[EventType "k.o."]
[EventRounds "6"]
[EventCountry "RUS"]
[Source "lmi"]
[SourceDate "2015.03.16"]

1. e4 e5 2. Nf3 Nf6 3. Nc3 Nc6 4. Bb5 Nd4 5. Ba4 Nxf3+ 6. gxf3 Bc5 7. f4 Qe7 8.
d3 c6 9. Rg1 h5 10. Qf3 Ng4 11. Rg2 exf4 12. Bxf4 Qf6 13. e5 Qf5 14. Qe4 Qxe4+
15. Nxe4 Bd4 16. Nd6+ Kf8 17. c3 Nxe5 18. O-O-O Ng6 19. Rxg6 fxg6 20. cxd4 Kg8
21. Bb3+ Kh7 22. Rg1 Rf8 23. Bf7 1-0

[Event "Campeonato Femenino 2015"]
[Site "Sochi RUS"]
[Date "2015.03.17"]
[Round "1.4"]
[White "Shamima, Akter Liza"]
[Black "Cmilyte, Viktorija"]
[Result "0-1"]
[WhiteElo "2130"]
[BlackElo "2530"]
[PlyCount "54"]
[EventDate "2015.03.16"]
[EventType "k.o."]
[EventRounds "6"]
[EventCountry "RUS"]
[Source "lmi"]
[SourceDate "2015.03.16"]

1. d4 e6 2. c4 f5 3. Nc3 Nf6 4. g3 d5 5. Bg2 c6 6. Nf3 Bd6 7. O-O O-O 8. b3 b6
9. a4 a5 10. Ba3 Bxa3 11. Rxa3 Ba6 12. cxd5 cxd5 13. Ra1 Qd6 14. Rc1 Nc6 15.
Qd2 Rac8 16. Rfd1 Ne4 17. Qb2 Rc7 18. Ne5 Nxd4 19. Nb5 Nxb5 20. axb5 Bxb5 21.
Rxc7 Qxc7 22. Rc1 Qb8 23. Nc6 Qd6 24. Nd4 Bd7 25. Nf3 Rc8 26. Rxc8+ Bxc8 27.
Qd4 Qc5 0-1

[Event "Campeonato Femenino 2015"]
[Site "Sochi RUS"]
[Date "2015.03.17"]
[Round "1.6"]
[White "Baginskaite, Camilla"]
[Black "Gunina, Valentina"]
[Result "0-1"]
[WhiteElo "2192"]
[BlackElo "2528"]
[PlyCount "73"]
[EventDate "2015.03.16"]
[EventType "k.o."]
[EventRounds "6"]
[EventCountry "RUS"]
[Source "lmi"]
[SourceDate "2015.03.16"]

1. d4 d5 2. c4 c6 3. cxd5 cxd5 4. Nc3 Nf6 5. Bf4 Nc6 6. e3 Bg4 7. Qb3 Na5 8.
Qa4+ Bd7 9. Qc2 Rc8 10. Bd3 e6 11. Nf3 Be7 12. h3 O-O 13. O-O b5 14. a3 Nc4 15.
Rfc1 h6 16. Qe2 Qb6 17. Ne5 Bc6 18. Nxc6 Rxc6 19. b3 Na5 20. Nxb5 Nxb3 21. Rxc6
Qxc6 22. Nxa7 Qd7 23. Rb1 Nxd4 24. exd4 Qxa7 25. Ra1 Qxd4 26. Be5 Qa7 27. a4
Nd7 28. Bb2 Rb8 29. Ra2 Bf6 30. Bxf6 Nxf6 31. a5 Nd7 32. a6 Nc5 33. Qe3 Rb3 34.
Rc2 Rxd3 35. Qxc5 Qxa6 36. Kh2 Qa4 37. Qc7 0-1

[Event "Campeonato Femenino 2015"]
[Site "Sochi RUS"]
[Date "2015.03.17"]
[Round "1.7"]
[White "Zhao, Xue"]
[Black "Zuriel, Marisa"]
[Result "1-0"]
[WhiteElo "2527"]
[BlackElo "2219"]
[PlyCount "75"]
[EventDate "2015.03.16"]
[EventType "k.o."]
[EventRounds "6"]
[EventCountry "RUS"]
[Source "lmi"]
[SourceDate "2015.03.16"]

1. d4 Nf6 2. c4 g6 3. Nc3 Bg7 4. e4 d6 5. Be2 O-O 6. Be3 Nbd7 7. f4 e5 8. fxe5
dxe5 9. d5 Qe7 10. Nh3 h6 11. Nf2 a5 12. Qd2 Kh7 13. g4 Ne8 14. h4 Nc5 15.
O-O-O b6 16. Rhf1 Nd6 17. h5 g5 18. Bxc5 bxc5 19. Qe3 Nb7 20. Nh1 a4 21. Nb5
Ra5 22. Rd3 Bd7 23. Ra3 Rb8 24. Ng3 Kg8 25. Qf2 Nd6 26. Qxc5 Bxb5 27. cxb5 Bf8
28. Rc3 Rb7 29. Rcf3 Raxb5 30. Bxb5 Rxb5 31. Qc2 Qd7 32. Kb1 Qxg4 33. Qxa4 Rc5
34. Rxf7 Bg7 35. Qa8+ Nc8 36. d6 cxd6 37. Rxg7+ Kh8 38. Qb7 1-0

[Event "Campeonato Femenino 2015"]
[Site "Sochi RUS"]
[Date "2015.03.17"]
[Round "1.8"]
[White "Yuan, Yuanling"]
[Black "Muzychuk, Mariya"]
[Result "1-0"]
[WhiteElo "2257"]
[BlackElo "2526"]
[PlyCount "91"]
[EventDate "2015.03.16"]
[EventType "k.o."]
[EventRounds "6"]
[EventCountry "RUS"]
[Source "lmi"]
[SourceDate "2015.03.16"]

1. e4 c6 2. d4 d5 3. Nc3 dxe4 4. Nxe4 Nf6 5. Nxf6+ exf6 6. Nf3 Bd6 7. Bd3 O-O
8. O-O Bg4 9. h3 Bh5 10. Be4 Na6 11. c3 Nc7 12. Qd3 Bg6 13. Bxg6 hxg6 14. c4
Qd7 15. Be3 g5 16. Nd2 g4 17. hxg4 Qxg4 18. Ne4 Be7 19. Ng3 g6 20. Qe4 Qd7 21.
Rad1 Kg7 22. d5 cxd5 23. cxd5 Nb5 24. Qf3 Rh8 25. Ne4 f5 26. Ng3 Rh4 27. Bf4
Rah8 28. Rfe1 Bd6 29. Bg5 Rg4 30. Bc1 Qc7 31. Rd3 Rgh4 32. Bg5 Rg4 33. Bd2 Qd8
34. b3 Qh4 35. a4 Nc7 36. Bc3+ f6 37. Kf1 Rf4 38. Qd1 Bc5 39. Rf3 Qg4 40. d6
Rxf3 41. Re7+ Kf8 42. gxf3 Qh3+ 43. Ke2 Qg2 44. Be1 Ne8 45. Qd5 Nxd6 46. Qe6
1-0

[Event "Campeonato Femenino 2015"]
[Site "Sochi RUS"]
[Date "2015.03.17"]
[Round "1.9"]
[White "Stefanova, Antoaneta"]
[Black "Nguyen, Thi Thanh An"]
[Result "1/2-1/2"]
[WhiteElo "2522"]
[BlackElo "2261"]
[PlyCount "85"]
[EventDate "2015.03.16"]
[EventType "k.o."]
[EventRounds "6"]
[EventCountry "RUS"]
[Source "lmi"]
[SourceDate "2015.03.16"]

1. d4 d5 2. Nf3 Nf6 3. g3 c5 4. Bg2 Nc6 5. O-O e6 6. c4 dxc4 7. dxc5 Bd7 8.
Nbd2 c3 9. Nb3 cxb2 10. Bxb2 Be7 11. Qd2 Qc7 12. Rfd1 Rd8 13. Qe3 Nb4 14. Be5
Qc8 15. Qf4 Nbd5 16. Qc4 O-O 17. e4 Nb6 18. Qe2 Na4 19. Rac1 Nxc5 20. Nxc5 Bxc5
21. Bxf6 gxf6 22. e5 Ba4 23. Re1 f5 24. Qc4 Ba3 25. Qxa4 Bxc1 26. Qh4 h6 27.
Qf6 Qc3 28. Rf1 Rd7 29. h4 Rfd8 30. Nh2 Rd1 31. Bxb7 Rxf1+ 32. Nxf1 Rd1 33. Bg2
Qc7 34. Bf3 Rd7 35. Bh5 Bb2 36. Qxh6 Qxe5 37. Qg5+ Kf8 38. Bf3 Rd3 39. Kg2 Rxf3
40. Qd8+ Kg7 41. Qg5+ Kf8 42. Qd8+ Kg7 43. Qg5+ 1/2-1/2

[Event "Campeonato Femenino 2015"]
[Site "Sochi RUS"]
[Date "2015.03.17"]
[Round "1.10"]
[White "Ozturk, Kubra"]
[Black "Khotenashvili, Bela"]
[Result "0-1"]
[WhiteElo "2284"]
[BlackElo "2513"]
[PlyCount "84"]
[EventDate "2015.03.16"]
[EventType "k.o."]
[EventRounds "6"]
[EventCountry "RUS"]
[Source "lmi"]
[SourceDate "2015.03.16"]

1. Nf3 Nf6 2. d4 g6 3. c4 Bg7 4. g3 d5 5. cxd5 Nxd5 6. Bg2 Nb6 7. Nc3 Nc6 8. e3
O-O 9. O-O Re8 10. d5 Na5 11. Nd4 Bd7 12. e4 Rc8 13. Nb3 Nxb3 14. axb3 a6 15.
Be3 e6 16. Qd2 Ra8 17. Bg5 Bf6 18. h4 exd5 19. exd5 Bf5 20. Rfe1 Qd6 21. Bf4
Qd7 22. Ne4 Bxe4 23. Bxe4 Nc8 24. d6 Nxd6 25. Bxb7 Rxe1+ 26. Rxe1 Rb8 27. Bxa6
Rxb3 28. Bxd6 cxd6 29. Rd1 Qa7 30. Bd3 Rxb2 31. Qf4 Rxf2 32. Qxf2 Bd4 33. Qxd4
Qxd4+ 34. Kg2 Qb2+ 35. Kh3 Qb3 36. Be2 d5 37. Rd3 Qc2 38. Re3 d4 39. Re8+ Kg7
40. Bf3 Qf2 41. Be2 h5 42. Ba6 Qf3 0-1

[Event "Campeonato Femenino 2015"]
[Site "Sochi RUS"]
[Date "2015.03.17"]
[Round "1.13"]
[White "Danielian, Elina"]
[Black "Marrero Lopez, Yaniet"]
[Result "1/2-1/2"]
[WhiteElo "2488"]
[BlackElo "2322"]
[PlyCount "97"]
[EventDate "2015.03.16"]
[EventType "k.o."]
[EventRounds "6"]
[EventCountry "RUS"]
[Source "lmi"]
[SourceDate "2015.03.16"]

1. d4 Nf6 2. c4 e6 3. Nc3 Bb4 4. e3 O-O 5. Bd3 d5 6. Nf3 c5 7. O-O Nc6 8. cxd5
exd5 9. dxc5 Bxc5 10. h3 a6 11. b3 d4 12. Na4 Ba7 13. e4 h6 14. Re1 Re8 15. Bf4
b5 16. Nb2 Bb7 17. a3 Rc8 18. a4 Qb6 19. axb5 axb5 20. Qd2 Nd8 21. Be5 Bb8 22.
Bxd4 Qe6 23. e5 Nd7 24. Qe3 Bxf3 25. gxf3 Nxe5 26. Bxe5 Bxe5 27. Qe4 g6 28. Qg4
Nc6 29. Bxb5 Qxg4+ 30. fxg4 Bxb2 31. Rxe8+ Rxe8 32. Bxc6 Bxa1 33. Bxe8 Kf8 34.
Bb5 Ke7 35. Kf1 Kd6 36. Ke2 g5 37. Bc4 f6 38. b4 Ke5 39. Kd3 f5 40. b5 Bd4 41.
gxf5 Bxf2 42. Be6 h5 43. Ke2 Bb6 44. Kf3 Bc5 45. Kg3 Bb6 46. Bd7 Bc7 47. Kf3
Bb6 48. Be8 Kxf5 49. Bxh5 1/2-1/2

[Event "Campeonato Femenino 2015"]
[Site "Sochi RUS"]
[Date "2015.03.17"]
[Round "1.14"]
[White "Nakhbayeva, Guliskhan"]
[Black "Tan, Zhongyi"]
[Result "1/2-1/2"]
[WhiteElo "2329"]
[BlackElo "2487"]
[PlyCount "48"]
[EventDate "2015.03.16"]
[EventType "k.o."]
[EventRounds "6"]
[EventCountry "RUS"]
[Source "lmi"]
[SourceDate "2015.03.16"]

1. d4 d5 2. c4 e6 3. Nf3 Nf6 4. Nc3 Bb4 5. cxd5 exd5 6. Bg5 Nbd7 7. Qc2 c5 8.
g3 h6 9. Bf4 O-O 10. Bg2 cxd4 11. Nxd4 Bxc3+ 12. bxc3 Nb6 13. O-O Bd7 14. a4
Nc4 15. Rfd1 Qe7 16. Qb3 b6 17. Bxd5 Nxd5 18. Qxc4 Nxf4 19. gxf4 Qe4 20. e3
Qg6+ 21. Kh1 Qe4+ 22. Kg1 Qg6+ 23. Kh1 Qe4+ 24. Kg1 Qg6+ 1/2-1/2

[Event "Campeonato Femenino 2015"]
[Site "Sochi RUS"]
[Date "2015.03.17"]
[Round "1.15"]
[White "Ushenina, Anna"]
[Black "Zhang, Xiaowen"]
[Result "1-0"]
[WhiteElo "2486"]
[BlackElo "2349"]
[PlyCount "135"]
[EventDate "2015.03.16"]
[EventType "k.o."]
[EventRounds "6"]
[EventCountry "RUS"]
[Source "lmi"]
[SourceDate "2015.03.16"]

1. d4 Nf6 2. c4 e6 3. Nf3 d5 4. e3 a6 5. b3 c5 6. cxd5 exd5 7. Be2 Nc6 8. O-O
Bd6 9. dxc5 Bxc5 10. Bb2 O-O 11. Na3 Re8 12. Nc2 Ne4 13. a3 Qd6 14. b4 Ba7 15.
Rc1 Bb8 16. Ncd4 Bg4 17. g3 Bh3 18. Re1 Qh6 19. Qb3 Ba7 20. Nxc6 bxc6 21. Bd4
Bxd4 22. Nxd4 Bd7 23. Nf3 Bg4 24. Qc2 Rac8 25. Qd3 Ra8 26. Nh4 Bxe2 27. Rxe2
Qf6 28. Kg2 a5 29. Nf3 axb4 30. axb4 Rab8 31. Qd4 Qd6 32. Rb2 Rb5 33. Ne1 Ng5
34. Qf4 Qe7 35. Rxc6 Ne6 36. Qd6 Qf6 37. Rbc2 Rbb8 38. Qxd5 Rxb4 39. Rc8 Rb8
40. Rxe8+ Rxe8 41. Nf3 h6 42. h4 g5 43. Rc4 Qg6 44. Ne5 Qf5 45. e4 Qf6 46. Ng4
Qg7 47. Qf5 Rd8 48. h5 Kh8 49. Nf6 Nf8 50. e5 Ne6 51. Qc2 Rf8 52. Rc8 Rxc8 53.
Qxc8+ Qf8 54. Qc2 Qa8+ 55. Kh2 Nf8 56. Qf5 Qc6 57. Ng4 Kg7 58. Qf6+ Qxf6 59.
exf6+ Kh7 60. Kg2 Nd7 61. Kf3 Nc5 62. Ke3 Ne6 63. Ke4 Nc5+ 64. Kd5 Ne6 65. Kd6
Nd4 66. Ke7 Nf5+ 67. Kxf7 Ng7 68. Ke7 1-0

[Event "Campeonato Femenino 2015"]
[Site "Sochi RUS"]
[Date "2015.03.17"]
[Round "1.16"]
[White "Lujan, Carolina"]
[Black "Galliamova, Alisa"]
[Result "1-0"]
[WhiteElo "2349"]
[BlackElo "2484"]
[PlyCount "63"]
[EventDate "2015.03.16"]
[EventType "k.o."]
[EventRounds "6"]
[EventCountry "RUS"]
[Source "lmi"]
[SourceDate "2015.03.16"]

1. e4 c5 2. Nf3 e6 3. d4 cxd4 4. Nxd4 Nf6 5. Nc3 d6 6. Be3 a6 7. Qf3 Nbd7 8.
Be2 Qc7 9. g4 b5 10. g5 Ne5 11. Qg3 Nfd7 12. a3 Nb6 13. Rd1 Bb7 14. O-O Rc8 15.
Qh3 Nbc4 16. Bc1 Be7 17. f4 Nc6 18. Nxc6 Bxc6 19. Rd3 h6 20. Bf3 Rg8 21. g6 Bd7
22. gxf7+ Kxf7 23. f5 Bf6 24. Bh5+ Ke7 25. Kh1 Ne5 26. Rg3 Qb7 27. Qg2 a5 28.
Bxh6 Rxc3 29. bxc3 Bc6 30. Rf4 Kd8 31. fxe6 Qe7 32. Rxf6 1-0

[Event "Campeonato Femenino 2015"]
[Site "Sochi RUS"]
[Date "2015.03.17"]
[Round "1.17"]
[White "Kosintseva, Tatiana"]
[Black "Gomes, Mary Ann"]
[Result "1/2-1/2"]
[WhiteElo "2483"]
[BlackElo "2354"]
[PlyCount "159"]
[EventDate "2015.03.16"]
[EventType "k.o."]
[EventRounds "6"]
[EventCountry "RUS"]
[Source "lmi"]
[SourceDate "2015.03.16"]

1. e4 c5 2. Nf3 e6 3. d4 cxd4 4. Nxd4 Nc6 5. Nc3 Qc7 6. Be2 a6 7. O-O Nf6 8.
Be3 Be7 9. f4 d6 10. Qe1 Nxd4 11. Bxd4 O-O 12. Qg3 b5 13. a3 Bb7 14. Bd3 Rad8
15. Kh1 Nh5 16. Qh3 Nxf4 17. Rxf4 e5 18. Nd5 Bxd5 19. exd5 g6 20. Raf1 f5 21.
Bxf5 gxf5 22. Rxf5 Rxf5 23. Rxf5 Rf8 24. Qg4+ Kh8 25. Bc3 Qc8 26. Rxf8+ Qxf8
27. Qf3 Qh6 28. h3 Qc1+ 29. Kh2 h6 30. Bb4 Bg5 31. Bxd6 Bf4+ 32. g3 Qxc2+ 33.
Qg2 Bxg3+ 34. Kxg3 Qg6+ 35. Kf2 Qxd6 36. Ke2 Qc5 37. Qe4 Qc7 38. Kd2 Qd6 39. h4
Kg7 40. h5 Qf6 41. Qg4+ Kf8 42. Ke3 Ke7 43. Ke4 a5 44. Qg3 Kd7 45. Qxe5 Qh4+
46. Kd3 Qg4 47. Kc2 Qc4+ 48. Kd2 Qg4 49. Kc2 Qc4+ 50. Kd2 Qg4 51. d6 Qg2+ 52.
Ke3 Qg1+ 53. Ke4 Qg2+ 54. Kd3 Qf1+ 55. Kd4 Qc4+ 56. Ke3 Qc1+ 57. Kd3 Qd1+ 58.
Ke3 Qe1+ 59. Kd4 Qg1+ 60. Ke4 Qg2+ 61. Kd3 Qf1+ 62. Kc2 Qc4+ 63. Kd2 Kc6 64.
Qe8+ Kxd6 65. Qf8+ Ke5 66. Qxh6 Qd5+ 67. Kc1 Qc4+ 68. Kd1 Qf1+ 69. Kd2 Qg2+ 70.
Kd3 Qf1+ 71. Kc2 Qf5+ 72. Kc1 Qf1+ 73. Kc2 Qf5+ 74. Kc1 Qf1+ 75. Kd2 Qc4 76.
Kd1 Qf1+ 77. Kd2 Qg2+ 78. Kd3 Qf1+ 79. Kc2 Qc1+ 80. Kxc1 1/2-1/2

[Event "Campeonato Femenino 2015"]
[Site "Sochi RUS"]
[Date "2015.03.17"]
[Round "1.18"]
[White "Wang, Jue"]
[Black "Sebag, Marie"]
[Result "0-1"]
[WhiteElo "2365"]
[BlackElo "2482"]
[PlyCount "162"]
[EventDate "2015.03.16"]
[EventType "k.o."]
[EventRounds "6"]
[EventCountry "RUS"]
[Source "lmi"]
[SourceDate "2015.03.16"]

1. e4 c5 2. Nf3 d6 3. d4 cxd4 4. Nxd4 Nf6 5. Nc3 a6 6. Be3 e5 7. Nb3 Be6 8. h3
Be7 9. Qf3 O-O 10. g4 a5 11. Bb5 Na6 12. O-O-O Nc7 13. Bb6 Nd7 14. Bxc7 Qxc7
15. a4 Rfc8 16. Kb1 Nb6 17. Qe2 Bc4 18. Bxc4 Qxc4 19. Qxc4 Rxc4 20. Nd2 Rxc3
21. bxc3 Nxa4 22. Rde1 Nxc3+ 23. Kb2 Na4+ 24. Ka3 b5 25. Kb3 Rc8 26. c4 Nc5+
27. Kc2 Bg5 28. Rb1 b4 29. Rhe1 Ne6 30. Red1 Kf8 31. Ra1 Bxd2 32. Kxd2 Rxc4 33.
Rxa5 Rxe4 34. Rb1 Nc5 35. Ra7 b3 36. Kc3 Rf4 37. Rf1 d5 38. Rd1 Rf3+ 39. Kb4
Nd3+ 40. Kb5 b2 41. Kc6 d4 42. Rb7 g6 43. Kd5 Rxh3 44. g5 Kg7 45. Rf1 h6 46.
gxh6+ Rxh6 47. Rb3 Rh3 48. f3 Nf4+ 49. Kxe5 Ne2 50. Rxb2 Rh5+ 51. Kd6 Ng3 52.
Rd1 Nf5+ 53. Kd7 Rh3 54. Rd3 Rh1 55. Re2 Kf6 56. Ke8 Rc1 57. Rb3 Rd1 58. Rc2
Re1+ 59. Kd7 Re3 60. Rcb2 d3 61. f4 Nd4 62. Rb4 Ne6 63. Rd2 Kf5 64. Ke7 Nxf4+
65. Kxf7 Re2 66. Rd1 g5 67. Ra4 Re5 68. Rd4 Re4 69. Rd6 g4 70. Rg1 Re3 71. Rf6+
Kg5 72. Rd6 g3 73. Rd8 g2 74. Rd4 Rf3 75. Ke7 Rf2 76. Kd6 Kg4 77. Ke5 Re2+ 78.
Kf6 d2 79. Rd8 Nh3 80. Rd4+ Kf3 81. Rd3+ Kf2 0-1

[Event "Campeonato Femenino 2015"]
[Site "Sochi RUS"]
[Date "2015.03.17"]
[Round "1.19"]
[White "Javakhishvili, Lela"]
[Black "Guramishvili, Sopiko"]
[Result "1-0"]
[WhiteElo "2481"]
[BlackElo "2367"]
[PlyCount "101"]
[EventDate "2015.03.16"]
[EventType "k.o."]
[EventRounds "6"]
[EventCountry "RUS"]
[Source "lmi"]
[SourceDate "2015.03.16"]

1. d4 Nf6 2. Nf3 g6 3. Bg5 Bg7 4. Nbd2 d5 5. e3 c5 6. c3 O-O 7. Bd3 Nc6 8. dxc5
a5 9. a4 Bg4 10. Qb3 e5 11. Qxb7 Bd7 12. e4 Rb8 13. Qa6 Qc7 14. Bxf6 Bc8 15.
Bxg7 Kxg7 16. Qb5 Na7 17. Qxb8 Qxb8 18. exd5 Qxb2 19. O-O Qxc3 20. Bc4 Bf5 21.
Rfc1 Qb4 22. Nb3 Re8 23. Nfd2 e4 24. Nf1 Bd7 25. c6 Bc8 26. Nd4 Ba6 27. Nb5
Bxb5 28. axb5 Nc8 29. Rab1 Qc5 30. Ba2 Qa3 31. Bc4 Nb6 32. Ne3 f5 33. Bf1 Qe7
34. Rd1 Rd8 35. Rbc1 Qc7 36. g3 f4 37. gxf4 Qxf4 38. c7 Rf8 39. Rc2 Nc8 40. Bh3
Qg5+ 41. Kh1 Nd6 42. c8=Q Nxc8 43. Bxc8 Qh4 44. Rdd2 Rf3 45. Re2 Qf6 46. Be6
Qd8 47. Rc6 Qh4 48. Rc7+ Kh8 49. b6 Rxe3 50. fxe3 Qf6 51. Rf7 1-0

[Event "Campeonato Femenino 2015"]
[Site "Sochi RUS"]
[Date "2015.03.17"]
[Round "1.20"]
[White "Arabidze, Meri"]
[Black "Paehtz, Elisabeth"]
[Result "1/2-1/2"]
[WhiteElo "2374"]
[BlackElo "2479"]
[PlyCount "29"]
[EventDate "2015.03.16"]
[EventType "k.o."]
[EventRounds "6"]
[EventCountry "RUS"]
[Source "lmi"]
[SourceDate "2015.03.16"]

1. d4 d5 2. c4 c6 3. cxd5 cxd5 4. Bf4 Nc6 5. Nf3 Nf6 6. Nc3 a6 7. Rc1 Bf5 8. e3
Rc8 9. Be2 e6 10. O-O Be7 11. Qb3 Na5 12. Qa4+ Nc6 13. Qb3 Na5 14. Qa4+ Nc6 15.
Qb3 1/2-1/2

[Event "Campeonato Femenino 2015"]
[Site "Sochi RUS"]
[Date "2015.03.17"]
[Round "1.21"]
[White "Krush, Irina"]
[Black "Milliet, Sophie"]
[Result "1-0"]
[WhiteElo "2477"]
[BlackElo "2377"]
[PlyCount "149"]
[EventDate "2015.03.16"]
[EventType "k.o."]
[EventRounds "6"]
[EventCountry "RUS"]
[Source "lmi"]
[SourceDate "2015.03.16"]

1. d4 Nf6 2. c4 e6 3. Nc3 Bb4 4. Qc2 b6 5. e4 c5 6. d5 exd5 7. exd5 Qe7+ 8.
Nge2 b5 9. Bd2 Bxc3 10. Bxc3 O-O 11. O-O-O Ne4 12. Be1 bxc4 13. Ng3 Nd6 14.
Bxc4 Nxc4 15. Qxc4 d6 16. Bc3 Nd7 17. Rhe1 Qg5+ 18. f4 Nb6 19. fxg5 Nxc4 20.
Re4 Nb6 21. Nh5 Bf5 22. Rf4 Bg6 23. Nxg7 c4 24. Nf5 Bxf5 25. Rxf5 Rfe8 26. Rdf1
Re7 27. h4 Rc8 28. h5 Na4 29. Bf6 Re2 30. R5f2 Rxf2 31. Rxf2 Nb6 32. Rf5 Re8
33. Kd2 Re4 34. Kc3 Na4+ 35. Kd2 Nb6 36. g3 Rg4 37. Rf3 Nxd5 38. Ra3 Nxf6 39.
gxf6 h6 40. Rxa7 Rxg3 41. Ra8+ Kh7 42. Rf8 c3+ 43. bxc3 Rg2+ 44. Kd3 Rxa2 45.
Rxf7+ Kg8 46. Rg7+ Kf8 47. Rh7 Rh2 48. Rxh6 Kf7 49. Kd4 Rd2+ 50. Kc4 Rh2 51.
Rh8 Kxf6 52. h6 Rd2 53. Rg8 Rh2 54. Rd8 Ke5 55. Rh8 Rh4+ 56. Kb5 Kd5 57. h7 Rh5
58. Kb6 Rh6 59. c4+ Kd4 60. Kb5 Rh5+ 61. Kb4 Rh1 62. Rd8 Rxh7 63. Rxd6+ Ke5 64.
c5 Rb7+ 65. Ka5 Rb1 66. Rd2 Ke6 67. c6 Ke7 68. c7 Rc1 69. Kb6 Rb1+ 70. Ka7 Rc1
71. Kb7 Rb1+ 72. Kc8 Rb3 73. Re2+ Kf6 74. Re8 Kf7 75. Re4 1-0

[Event "Campeonato Femenino 2015"]
[Site "Sochi RUS"]
[Date "2015.03.17"]
[Round "1.22"]
[White "Arakhamia-Grant, Ketevan"]
[Black "Hoang, Thanh Trang"]
[Result "1-0"]
[WhiteElo "2379"]
[BlackElo "2475"]
[PlyCount "90"]
[EventDate "2015.03.16"]
[EventType "k.o."]
[EventRounds "6"]
[EventCountry "RUS"]
[Source "lmi"]
[SourceDate "2015.03.16"]

1. e4 e6 2. d4 d5 3. Nc3 Nf6 4. e5 Nfd7 5. f4 c5 6. Nf3 Nc6 7. Be3 cxd4 8. Nxd4
Bc5 9. Qd2 O-O 10. O-O-O a6 11. Qf2 Qe7 12. Bd3 Nxd4 13. Bxd4 Bxd4 14. Qxd4 Qc5
15. Ne2 b5 16. c3 Rb8 17. Bc2 b4 18. Qxc5 Nxc5 19. cxb4 Rxb4 20. Rd4 a5 21.
Rxb4 axb4 22. Kd2 Ba6 23. Nd4 Rc8 24. Rc1 f6 25. Bb1 Kf7 26. Ke3 g5 27. g3 fxe5
28. fxe5 h6 29. b3 Ke7 30. h3 Kf7 31. Rc2 Ke7 32. Rc1 Kf7 33. Bh7 Rc7 34. Rc2
Rc8 35. Rc1 Bb7 36. h4 gxh4 37. gxh4 Nd7 38. Rxc8 Bxc8 39. Nc6 Kg7 40. Bd3 Bb7
41. Nd8 Bc8 42. Nxe6+ Kf7 43. Nd8+ Ke8 44. Nc6 Bb7 45. Bb5 Kf8 1-0

[Event "Campeonato Femenino 2015"]
[Site "Sochi RUS"]
[Date "2015.03.17"]
[Round "1.23"]
[White "Huang, Qian"]
[Black "Kovanova, Baira"]
[Result "1/2-1/2"]
[WhiteElo "2473"]
[BlackElo "2381"]
[PlyCount "81"]
[EventDate "2015.03.16"]
[EventType "k.o."]
[EventRounds "6"]
[EventCountry "RUS"]
[Source "lmi"]
[SourceDate "2015.03.16"]

1. Nf3 Nf6 2. c4 e6 3. Nc3 c5 4. g3 b6 5. Bg2 Bb7 6. O-O Be7 7. Re1 d5 8. cxd5
Nxd5 9. Nxd5 Qxd5 10. d4 cxd4 11. Qxd4 O-O 12. Be3 Na6 13. Qxd5 Bxd5 14. Nd4
Bxg2 15. Kxg2 Bf6 16. a3 Nc7 17. Rad1 Rfd8 18. f3 Rd7 19. Bf2 Rad8 20. Rc1 Bxd4
21. Bxd4 Rxd4 22. Rxc7 R4d7 23. Rec1 g6 24. Kf2 Kg7 25. b4 Kf6 26. Ke3 h5 27.
h4 Ke7 28. a4 Kf6 29. R1c4 Ke7 30. g4 hxg4 31. fxg4 Rh8 32. g5 Kd6 33. R7c6+
Ke7 34. Rc8 Rh5 35. Kf3 f6 36. gxf6+ Kxf6 37. Rf4+ Rf5 38. Rxf5+ exf5 39. e3
Re7 40. Rc4 Kg7 41. e4 1/2-1/2

[Event "Campeonato Femenino 2015"]
[Site "Sochi RUS"]
[Date "2015.03.17"]
[Round "1.25"]
[White "Socko, Monika"]
[Black "Daulyte, Deimante"]
[Result "1/2-1/2"]
[WhiteElo "2463"]
[BlackElo "2395"]
[PlyCount "58"]
[EventDate "2015.03.16"]
[EventType "k.o."]
[EventRounds "6"]
[EventCountry "RUS"]
[Source "lmi"]
[SourceDate "2015.03.16"]

1. d4 d5 2. Nf3 Nf6 3. e3 e6 4. Bd3 c5 5. b3 Nc6 6. a3 b6 7. Bb2 Be7 8. Nbd2
Bb7 9. O-O O-O 10. Qe2 Rc8 11. Ne5 Nxe5 12. dxe5 Ne4 13. Bxe4 dxe4 14. Rfd1 Qc7
15. Qg4 Qc6 16. Nc4 Rcd8 17. Nd6 Rd7 18. Rd2 c4 19. bxc4 Bxd6 20. Rxd6 Qa4 21.
Rad1 Rc7 22. Rd8 Rc8 23. Rxc8 Rxc8 24. Qe2 h6 25. Rd4 Qc6 26. Qg4 Qa4 27. Qe2
Qc6 28. Qg4 Qa4 29. Qe2 Qc6 1/2-1/2

[Event "Campeonato Femenino 2015"]
[Site "Sochi RUS"]
[Date "2015.03.17"]
[Round "1.26"]
[White "Sukandar, Irine Kharisma"]
[Black "Melia, Salome"]
[Result "1/2-1/2"]
[WhiteElo "2415"]
[BlackElo "2459"]
[PlyCount "47"]
[EventDate "2015.03.16"]
[EventType "k.o."]
[EventRounds "6"]
[EventCountry "RUS"]
[Source "lmi"]
[SourceDate "2015.03.16"]

1. e4 c6 2. d4 d5 3. Nd2 dxe4 4. Nxe4 Bf5 5. Ng3 Bg6 6. Nh3 Nf6 7. Bc4 e6 8.
Nf4 Bd6 9. c3 Nbd7 10. Qf3 Nb6 11. Bb3 Nbd5 12. Nxg6 hxg6 13. Bd2 a5 14. O-O-O
a4 15. Bc2 a3 16. b3 Qc7 17. c4 Nb4 18. Ne4 Nxe4 19. Bxe4 O-O-O 20. g3 Bf8 21.
Bf4 Bd6 22. Bd2 Bf8 23. Bf4 Bd6 24. Bd2 1/2-1/2